| Tag |
First Indicator |
Second Indicator |
Subfields |
| LEADER |
00000cam a2200000 i 4500 |
| 001 |
in00005666159 |
| 008 |
250216t20252025nyuab 001 0 eng d |
| 005 |
20251018153952.0 |
| 035 |
|
|
|a (OCoLC)on1499673590
|
| 040 |
|
|
|a YDX
|b eng
|e rda
|c YDX
|d NYP
|d YDX
|d NYP
|d OCLCO
|
| 020 |
|
|
|a 9781419780783
|
| 020 |
|
|
|a 1419780786
|q hardcover
|
| 035 |
|
|
|a (OCoLC)1499673590
|
| 041 |
1 |
|
|a eng
|h fre
|
| 043 |
|
|
|a x------
|
| 050 |
|
4 |
|a TR810
|b .A7713 2025
|
| 082 |
0 |
4 |
|a 778.3/5
|2 23
|
| 100 |
1 |
|
|a Arthus-Bertrand, Yann,
|e author.
|1 https://id.oclc.org/worldcat/entity/E39PBJbtpmrhDqK6JgJJrqV6Kd
|
| 240 |
1 |
0 |
|a Terre vue du ciel.
|l English
|
| 245 |
1 |
0 |
|a Earth from above :
|b an aerial portrait of the planet /
|c Yann Arthus-Bertrand ; translated from the French by Zachery R. Townsend.
|
| 250 |
|
|
|a 25th anniversary edition.
|
| 250 |
|
|
|a Abrams Edition.
|
| 264 |
|
1 |
|a New York :
|b Abrams,
|c 2025.
|
| 264 |
|
4 |
|c ©2025
|
| 300 |
|
|
|a 431 pages :
|b color illustrations, map ;
|c 29 x 23 cm
|
| 336 |
|
|
|a text
|b txt
|2 rdacontent
|
| 336 |
|
|
|a still image
|b sti
|2 rdacontent
|
| 337 |
|
|
|a unmediated
|b n
|2 rdamedia
|
| 338 |
|
|
|a volume
|b nc
|2 rdacarrier
|
| 500 |
|
|
|a "First published in France under title: La terre vue du ciel (nouvelle édition) ©2021, EDLM, a division of La Martinière Groupe, Paris"--Colophon
|
| 500 |
|
|
|a Includes index.
|
| 500 |
|
|
|a Translated from French by Zachary R. Townsend.
|
| 520 |
|
|
|a "Timed to the 25th anniversary of the groundbreaking international bestselling book Earth from Above, this updated version features new images and refreshed text that creates an unforgettable, inspiring portrait of our planet today Since its original publication in 1999, Yann Arthus-Bertrand's Earth From Above has been a touchstone for the environmental movement throughout the world, selling more than three million copies in all languages. The result of an epic, ongoing journey across five continents and 60 countries, this spectacular portrait of our planet is also an iconic reminder of its fragility. In this 25th anniversary edition, Arthus-Bertrand and more than a dozen experts on current environmental issues look back upon the past decade's progress. With 30 percent of the images brand new and entirely updated text throughout, Arthus-Bertrand poignantly juxtaposes Earth's raw beauty with the evidence of humanity's negative impact upon our home. As Earth's climate changes and sustainability is ever-present in the news, governmental policy, and organizations around the world, this book continues to be timely and essential decade after decade."--
|c Provided by publisher
|
| 505 |
0 |
0 |
|t Book to try and change the world /
|r Yann Arthus-Bertrand in collaboration with Olivier Blond --
|t Climate generation /
|r Sophie Noucher --
|t World's population /
|r Hervé Le Bras --
|t Refugee crisis /
|r Pietro del Re --
|t World agriculture /
|r Marc Dufumier --
|t Towards simpler and more flexible technologies /
|r Philippe Bihouix --
|t Responsible cosmopolitics /
|r Gaël Giraud --
|t Ode to biodiversity /
|r Gilles Boeuf
|
| 650 |
|
0 |
|a Aerial photography in ecology.
|
| 650 |
|
0 |
|a Global environmental change.
|
| 650 |
|
0 |
|a Global environmental change
|v Pictorial works.
|
| 651 |
|
0 |
|a Earth (Planet)
|v Pictorial works.
|
| 650 |
|
0 |
|a Nature
|x Effect of human beings on.
|
| 650 |
|
0 |
|a Nature
|x Effect of human beings on
|v Pictorial works.
|
| 650 |
|
0 |
|a Conservation of natural resources.
|
| 650 |
|
0 |
|a Sustainable development.
|
| 650 |
|
0 |
|a Human geography.
|
| 650 |
|
2 |
|a Conservation of Natural Resources
|
| 650 |
|
6 |
|a Photographie aérienne en écologie.
|
| 650 |
|
6 |
|a Changement global (Environnement)
|
| 650 |
|
6 |
|a Changement global (Environnement)
|v Ouvrages illustrés.
|
| 651 |
|
6 |
|a Terre
|v Ouvrages illustrés.
|
| 650 |
|
6 |
|a Êtres humains
|x Influence sur la nature.
|
| 650 |
|
6 |
|a Êtres humains
|x Influence sur la nature
|v Ouvrages illustrés.
|
| 650 |
|
6 |
|a Conservation des ressources naturelles.
|
| 650 |
|
6 |
|a Développement durable.
|
| 650 |
|
7 |
|a sustainable development.
|2 aat
|
| 650 |
|
7 |
|a Aerial photography in ecology
|2 fast
|
| 650 |
|
7 |
|a Conservation of natural resources
|2 fast
|
| 650 |
|
7 |
|a Global environmental change
|2 fast
|
| 650 |
|
7 |
|a Human geography
|2 fast
|
| 650 |
|
7 |
|a Nature
|x Effect of human beings on
|2 fast
|
| 650 |
|
7 |
|a Sustainable development
|2 fast
|
| 651 |
|
7 |
|a Earth (Planet)
|2 fast
|1 https://id.oclc.org/worldcat/entity/E39PBJB8v443pPTqgvXgPkBtrq
|
| 655 |
|
7 |
|a illustrated books.
|2 aat
|
| 655 |
|
7 |
|a photobooks.
|2 aat
|
| 655 |
|
7 |
|a Photobooks
|2 fast
|
| 655 |
|
7 |
|a Illustrated works
|2 fast
|
| 655 |
|
7 |
|a Pictorial works
|2 fast
|0 (OCoLC)fst01423874
|
| 655 |
|
7 |
|a Illustrated works.
|2 lcgft
|
| 655 |
|
7 |
|a Photobooks.
|2 lcgft
|
| 655 |
|
7 |
|a Livres de photographies.
|2 rvmgf
|
| 655 |
|
7 |
|a Ouvrages illustrés.
|2 rvmgf
|
| 700 |
1 |
|
|a Townsend, Zachary R.,
|e translator.
|1 https://id.oclc.org/worldcat/entity/E39PCjGCqbjrYXt9ytcgHcPVcq
|
| 852 |
8 |
|
|b POD
|z This title is available for the library to purchase for your use. Click the "Purchase It For Me" button to place a request. This item will take 5-10 business days to arrive.
|
| 955 |
|
|
|a Print PDA title
|
| 961 |
|
|
|m 565730
|
| 999 |
f |
f |
|s 9724cc73-b804-44de-a666-0e30d090bc7d
|i a0ff4a21-16b6-4087-80f4-787751da0e49
|t 0
|
| 952 |
f |
f |
|a Texas A&M University
|b College Station
|c Sterling C. Evans Library
|d Purchase on Demand
|t 0
|e TR810 .A7713 2025
|h Library of Congress classification
|
| 998 |
f |
f |
|a TR810 .A7713 2025
|t 0
|l Purchase on Demand
|